Diccionario de Términos Médicos / (Registro nro. 1109)

Detalles MARC
000 -LEADER
fixed length control field 00674nam a2200193 a 4500
005 - FECHA ULTIMA MODIFICACION
control field 20240515083746.0
008 - CAMPO DE CONTROL (LIBRO)
fixed length control field 2011|s||sp a g ||||| 001 0
020 ## - INTERNATIONAL STANDARD BOOK NUMBER
ISBN 9788498351835
041 ## - CODIGO DE IDIOMA
Código de idioma del texto/pista de sonido o título separado spa
092 ## - SIGNATURA TOPOGRAFICA DEWEY LOCAL
número de clasificación 610.03
libristica 16
sección DIC
110 1# - ENTRADA PRINCIPAL-AUTOR CORPORATIVO
Nombre de la institución, jurisdicción como entrada principal Real Academia Nacional de Medicina
9 (RLIN) 1875
245 ## - TITULO PROPIAMENTE DICHO
Título Diccionario de Términos Médicos /
Mención de responsabilidad y remanente de la transcripción de la portada Real Academia Nacional de Medicina
250 ## - MENCION DE EDICION
Mención de edición 1a ed.
260 ## - PIE DE IMPRENTA
Lugar de publicación, distribución, etc Madrid:
Nombre de la editorial, distribuidor, etc Editorial Médica Panamericana;
Fecha de publicación 2011.
300 ## - DESCRIPCION FISICA
Extension 1731 p.
500 ## - NOTA GENERAL
Nota general Real Academia Nacional de Medicina. (2011). Diccionario de términos médicos. (1a ed.). Madrid : Editorial Médica Panamericana.
653 ## - TÉRMINO INDIZADO - PALABRAS CLAVES
Palabra clave Diccionario
942 ## - ADDED ENTRY ELEMENTS (KOHA)
Source of classification or shelving scheme Dewey Decimal Classification
Item type Libros
Koha issues (borrowed), all copies 1
Existencias
Estado de retiro Existencia Fuente de clasificación Estado general No para prestamo Colección Ubicación permanente ubicación actual Sala de ubicación Fecha de adquisición Fuente de adquisición Total Checkouts Número de clasificación Código de barras Date last seen Número de ejemplar Price effective from Koha tipo de elemento (item) Public note Total Renewals Date last borrowed Costo, precio normal de compra
    Dewey Decimal Classification     Reference Biblioteca Medicina Biblioteca Medicina Referencia 10/10/2012 PROMED   610.03 16 DIC 2630 06/11/2014 Ej. 1 10/10/2012 Reference LIBRO DE CONSULTA. Proyecto PROMED 2012      
    Dewey Decimal Classification       Biblioteca Medicina Biblioteca Medicina Circulación 10/10/2012 PROMED 16 610.03 16 DIC 2631 29/10/2018 Ej. 2 10/10/2012 Libros Proyecto PROMED, 2012 2 25/10/2018  
    Dewey Decimal Classification       Biblioteca Medicina Biblioteca Medicina Circulación 09/11/2012   20 610.03 16 DIC 2683 23/08/2017 ej.3 09/11/2012 Libros Donación editorial, Noviembre 2012 3 18/08/2017  
    Dewey Decimal Classification     Non-fiction Biblioteca Medicina Biblioteca Medicina Circulación 28/03/2014 PROMED 7 610.03 16 DIC 3248 09/11/2016 Ej. 4 28/03/2014 Libros Compras PROMED 3ER AÑO Mar/2014 3 07/11/2016 500.00
    Dewey Decimal Classification     Non-fiction Biblioteca Medicina Biblioteca Medicina Circulación 28/03/2014 PROMED 2 610.03 16 DIC 3249 09/09/2015 Ej. 5 28/03/2014 Libros Compras PROMED 3ER AÑO Mar/2014   07/09/2015 500.00
    Dewey Decimal Classification     Non-fiction Biblioteca Medicina Biblioteca Medicina Circulación 28/03/2014 PROMED 16 610.03 16 DIC 3250 06/05/2016 Ej. 6 28/03/2014 Libros Compras PROMED 3ER AÑO Mar/2014 1 04/05/2016 500.00

UNIVERSIDAD NACIONAL DEL COMAHUE
Biblioteca de la Facultad de Ciencias Médicas
Sede Toschi: Los Arrayanes y Av. Toschi, Cipolletti  - Rio Negro
Sede Los Tordos:  Yrigoyen al 2211, Cipolletti - Rio Negro 

Teléfono: 0299 - 4774707 int 25
Contacto: biblioteca@facimed.uncoma.edu.ar
© 2011 - 2026